000 01028cam a2200277 a 4500
999 _c234891
_d234891
001 2841878
003 Nust
005 20170331170650.0
008 840723s1985 nyu 000 1 eng
010 _a 84016997
020 _a9780751540703
040 _aDLC
_cDLC
_dDLC
_dOCoLC
_dDLC
050 0 0 _aPS3569.T33828
_bF3 1985
082 0 0 _a813.54
_bSTE
100 1 _aSteel, Danielle.
245 1 0 _aFamily album /
_cDanielle Steel.
260 _aNew York :
_bDelacorte Press,
_c1985.
300 _a400 p. ;
_c24 cm.
650 0 _aMotion picture actors and actresses
_xFiction.
650 0 _aMarried people
_zUnited States
_xFiction.
655 7 _aDomestic fiction.
_2lcsh
856 4 1 _3Sample text
_uhttp://www.loc.gov/catdir/samples/random041/84016997.html
856 4 2 _3Publisher description
_uhttp://www.loc.gov/catdir/description/random043/84016997.html
906 _a7
_bcbc
_corignew
_d1
_eocip
_f19
_gy-gencatlg
942 _2ddc
_cBK